LEADER 01273nam a2200325 a 4500 001 000000043448 003 CaOOAMICUS 005 20130509112507.0 008 990330s1970 it u000 u ita r 035 $a10818660 040 $aPUL$bita 041 1 $aita$hger 100 1 $aLukács, György,$d1885-1971.$0(OLS)http://pul/name/21509 240 10$aGeschichte und Klassenbewusstsein.$lItaliano.$0(OLS)http://pul/title/58580 245 10$aStoria e coscienza di classe /$cGyörgy Lukács. 250 $a3. ed. 260 $aMilano :$bSugar,$c1970. 300 $aLII, 418 p. ;$c21 cm 490 1 $aArgomenti ;$v27 650 4$aMarxismo.$0(OLS)http://pul/subject/4889 830 0$aArgomenti ;$v27.$0(OLS)http://pul/title/19772 850 $aPUL 852 $aPUL$W1$xDP1 Cons. Gen., Altre Classi 1$y22$m43 B 40$j58561$nBK-PRI$b $qStampati$B58561$CPULBib$Z2$F58561 $H $81 852 $aPUL$W1$xDP1 Fondo E. Rossi$y115$m1 L 70$j153874$qFondi$B153448$CPULBib$Z2$F153448 $82 941 1 $a8 941 1 $a1 961 $aSul dorso collocazione ms. di E. Rossi: L 41 2 996 $6245$aStoria e coscienza di classe$9(OLS)http://pul/title/58581 996 $6260$aMilano :$bSugar$9(OLS)http://pul/publisher/63391 LEADER 01635namaa2200313 i 4500 001 000000177510 003 CaOOAMICUS 005 20250115130212.0 007 tu 008 250115s it 000 u ita r 020 $a978-88-288-6409-7* 040 $aPUL$bita$erda 082 0 $a345.45025 100 1 $aDi Nicola Travaglini, Paola,$d1966-,$eautore.$0(OLS)http://pul/name/114195 245 13$aIl nuovo Codice rosso : $bil contrasto alla violenza di genere e ai danni delle donne nel diritto sovranazionale e interno : commento aggiornato alla L. n. 168/2023 e alla direttiva UE del 2024 /$cdi Paola Di Nicola Travaglini e Francesco Menditto. 264 4$c©2024. 264 1$aMilano :$bGiuffrè,$c[2024] 650 4$aDonne$xViolenza.$0(OLS)http://pul/subject/45330 830 0$aLe nuove leggi penali$b(Giuffrè).$0(OLS)http://pul/title/219044 850 $aPUL 852 $aPUL$W1$xSL Diritto e Scienze Sociali 3$y79$m345. 45025 DINPA 1$j201465$qDDC 21$B206485$CPULBib$Z2$F206485 $H137546 $82 941 1 $a9 960 $aViolenza contro le donne$945330 996 $6020$a978-88-288-6409-7*$9(OLS)http://pul/number/170180 996 $6082$a345.45025$9(OLS)http://pul/classification/1880 996 $6245$aIl nuovo Codice rosso : $bil contrasto alla violenza di genere e ai danni delle donne nel diritto sovranazionale e interno : commento aggiornato alla L. n. 168/2023 e alla direttiva UE del 2024$9(OLS)http://pul/title/219043 996 $6264$aMilano :$bGiuffrè$9(OLS)http://pul/publisher/48401 996 $6264$a[S.l.] :$b[s.n.]$9(OLS)http://pul/publisher/0